[Event "FRA-ch U18 Girls"]
[Site "Calvi"]
[Date "2005.04.23"]
[Round "8"]
[White "Swiercz, Sonia"]
[Black "Michel, Isabelle"]
[Result "0-1"]
[WhiteElo "1590"]
[BlackElo "1530"]
[PlyCount "48"]
[EventDate "2005.04.??"]
[EventType "swiss"]
[EventRounds "9"]
[EventCountry "FRA"]
[SourceTitle "EXT 2006"]
[Source "ChessBase"]
[SourceDate "2005.11.24"]
[SourceVersion "1"]
[SourceVersionDate "2005.11.24"]
[SourceQuality "1"]

1. e4 e5 2. Nf3 Nc6 3. Bc4 Bc5 4. c3 Nf6 5. d4 exd4 6. cxd4 Bb4+ 7. Nc3 d5 8. exd5 Nxd5 9. 0-0 Be6 10. Nxd5 Bxd5 11. Bxd5 Qxd5 12. a3 Bd6 13. Re1+ Ne7 14. b4 0-0 15. Bb2 Nf5 16. Qc2 Rfe8 17. h3 Re6 18. Rxe6 fxe6 19. Re1 h6 20. Qe2 Re8 21. Ne5 Nh4 22. Qg4 g5 23. Bc1 Be7 24. g3 Qg2# 0-1

[Event "FRA-ch U18 Girls"]
[Site "Calvi"]
[Date "2005.04.22"]
[Round "7"]
[White "Michel, Isabelle"]
[Black "Wandelle, Sandrine"]
[Result "1/2-1/2"]
[WhiteElo "1530"]
[BlackElo "1370"]
[PlyCount "38"]
[EventDate "2005.04.??"]
[EventType "swiss"]
[EventRounds "9"]
[EventCountry "FRA"]
[SourceTitle "EXT 2006"]
[Source "ChessBase"]
[SourceDate "2005.11.24"]
[SourceVersion "1"]
[SourceVersionDate "2005.11.24"]
[SourceQuality "1"]

1. e4 e5 2. Nf3 Nf6 3. Nc3 Nc6 4. Bb5 Bc5 5. Nxe5 Bxf2+ 6. Kxf2 Nxe5 7. Rf1 Nfg4+ 8. Kg1 Qh4 9. h3 Qg3 10. hxg4 Nxg4 11. Rf3 Qh2+ 12. Kf1 Qh1+ 13. Ke2 Qxg2+ 14. Ke1 Qg1+ 15. Bf1 Nh2 16. Rf2 d6 17. Qh5 Nxf1 18. Rxf1 Qg3+ 19. Rf2 Qg1+ 1/2-1/2

[Event "FRA-ch U18 Girls"]
[Site "Calvi"]
[Date "2005.04.17"]
[Round "1"]
[White "Michel, Isabelle"]
[Black "Bermond, Stephanie"]
[Result "0-1"]
[WhiteElo "1530"]
[BlackElo "2006"]
[PlyCount "48"]
[EventDate "2005.04.??"]
[EventType "swiss"]
[EventRounds "9"]
[EventCountry "FRA"]
[SourceTitle "EXT 2006"]
[Source "ChessBase"]
[SourceDate "2005.11.24"]
[SourceVersion "1"]
[SourceVersionDate "2005.11.24"]
[SourceQuality "1"]

1. e4 d5 2. exd5 Nf6 3. c4 e6 4. Qe2 Bc5 5. Nc3 0-0 6. Qf3 exd5 7. Nxd5 Nxd5 8. cxd5 Re8+ 9. Kd1 Qh4 10. g3 Qd4 11. Bh3 Nd7 12. Ne2 Qxf2 13. Qxf2 Bxf2 14. d4 Nf6 15. Bg2 Bg4 16. Bf1 Bf3 17. Bg5 Nxd5 18. Kd2 Bxh1 19. Kd3 Be4+ 20. Kc4 Ne3+ 21. Bxe3 Bxe3 22. d5 c6 23. Nc3 cxd5+ 24. Nxd5 Rac8+ 0-1

[Event "FRA-chT2 0304"]
[Site "France"]
[Date "2004.03.14"]
[Round "9"]
[White "Michel, Isabelle"]
[Black "Allard, Sophie"]
[Result "0-1"]
[WhiteElo "1540"]
[BlackElo "1690"]
[PlyCount "48"]
[EventDate "2003.10.??"]
[EventType "team-tourn"]
[EventRounds "11"]
[EventCountry "FRA"]
[SourceTitle "EXT 2005"]
[Source "ChessBase"]
[SourceDate "2004.11.15"]
[SourceVersion "1"]
[SourceVersionDate "2004.11.15"]
[SourceQuality "1"]

1. e4 b6 2. d4 Bb7 3. Nc3 e6 4. Nf3 Bb4 5. e5 d6 6. Bg5 Ne7 7. a3 Bxc3+ 8. bxc3 0-0 9. c4 Nd7 10. exd6 cxd6 11. Bd3 f6 12. Bh4 Qe8 13. Qe2 e5 14. c3 Ng6 15. d5 Nf4 16. Qe4 Nxd3+ 17. Kd2 N7c5 18. Qe3 Nb2 19. Qe2 Ba6 20. Kc1 Nxc4 21. Qc2 Qh5 22. h3 Qh6+ 23. Kd1 e4 24. Nd4 Qxh4 0-1